000
00382nam a22001697a 4500
003
MPLRDC
005
20220104143207.0
008
210129b ||||| |||| 00| 0 eng d
082
_a
177 QRS c.2
100
_a
丘若瑟著
245
_a
成功者与众不同
_c
250
_a
再版
260
_a
_b
立人企业
_c
1991
300
_b
平
650
_a
942
_c
BK
_o
177 QRS c.2
999
_c
37530
_d
37520